Định hướng phát triển doanh nghiệp nhỏ và vừa trên địa bàn tỉnh Đắk Lắk

Khái quát những vấn đề lý luận về phát triển doanh nghiệp nhỏ và vừa; thực trạng và những giải pháp định hướng phát triển doanh nghiệp nhỏ và vừa trên địa bàn tỉnh Đắk Lắk

में बचाया:
ग्रंथसूची विवरण
मुख्य लेखक: Lê, Thế Phiệt
स्वरूप: पुस्तक
भाषा:Undetermined
प्रकाशित: Cần Thơ Nxb. Đại học Cần Thơ 2016
विषय:
टैग : टैग जोड़ें
कोई टैग नहीं, इस रिकॉर्ड को टैग करने वाले पहले व्यक्ति बनें!
Thư viện lưu trữ: Trung tâm Học liệu Trường Đại học Cần Thơ
LEADER 01003nam a2200217Ia 4500
001 CTU_209266
008 210402s9999 xx 000 0 und d
020 |c 40000 
082 |a 658.02 
082 |b Ph308 
100 |a Lê, Thế Phiệt 
245 0 |a Định hướng phát triển doanh nghiệp nhỏ và vừa trên địa bàn tỉnh Đắk Lắk 
245 0 |c Lê Thế Phiệt (chủ biên) 
260 |a Cần Thơ 
260 |b Nxb. Đại học Cần Thơ 
260 |c 2016 
520 |a Khái quát những vấn đề lý luận về phát triển doanh nghiệp nhỏ và vừa; thực trạng và những giải pháp định hướng phát triển doanh nghiệp nhỏ và vừa trên địa bàn tỉnh Đắk Lắk 
650 |a Management,Quản trị 
650 |x Business enterprises,Hoạt động kinh doanh 
904 |i Tuyến 
980 |a Trung tâm Học liệu Trường Đại học Cần Thơ